La France et ses colonies

Guardado en:
Detalles Bibliográficos
Autor principal: Fallex, Maurice (1861-1929)
Otros Autores: Mairey, Alphonse (1877-1915) Gibert, André
Formato: Libro
Lenguaje:francés
Publicado: Paris : Libraire Delagrave, 1934
Edición:15e éd.
Catálogo:MANES:  Resultados de Búsqueda del Catálogo
Clasificación de libros de texto:
Colección:Nouveau Cours de Géographie
Materias:
Etiquetas: Agregar Etiqueta
Sin Etiquetas, Sea el primero en etiquetar este registro!
Añadido a:1999-10-13
Cambiado en:2025-05-07

MARC

LEADER 00000cam a2200000 i 4500
005 20250507134443.0
008 991014s1934 fraabo fp 000 0 fre d
040 |a uned  |b spa  |c entro-manes 
100 1 |a Fallex, Maurice   |d (1861-1929)  |9 38709 
245 1 3 |a La France et ses colonies /   |c par M. Fallex, A. Gibert, A. Mairey 
250 |a 15e éd. 
260 |a Paris :   |b Libraire Delagrave,   |c 1934 
300 |a VII, 440 p. :   |b il. 
490 0 |a Nouveau Cours de Géographie 
500 |a Precede al tít.: Programmes de 3 juin 1925  |a Precede al tit.: Classe de quatrième : Lycées et collèges de garçons et de jeunés filles 
546 |a España 
561 |5 es-BUNED  |3 L.T. 4167  |a España. Fondo Manes UNED  |k MANES 
690 0 |a GEO 
650 7 |a Colonias  |9 37062 
691 0 |a SE 
700 1 |a Mairey, Alphonse   |d (1877-1915)  |9 38710  |a Gibert, André  |9 38711 
942 |2 ddc  |c BK 
999 |c 94813  |d 94813 
999 |c manes:94813  |d 94813